<?xml version="1.0" encoding="UTF-8"?>
<record
    xmlns:xsi="http://www.w3.org/2001/XMLSchema-instance"
    xsi:schemaLocation="http://www.loc.gov/MARC21/slim http://www.loc.gov/standards/marcxml/schema/MARC21slim.xsd"
    xmlns="http://www.loc.gov/MARC21/slim">

  <leader>02099nas a2200277Ia 4500</leader>
  <controlfield tag="001">R270-R7194</controlfield>
  <controlfield tag="003">IT-CnALBA</controlfield>
  <controlfield tag="008">170116c99999999xx ||||||||||||   ||und||</controlfield>
  <datafield tag="040" ind1=" " ind2=" ">
    <subfield code="a">IT-CnALBA</subfield>
    <subfield code="c">IT-CnALBA</subfield>
  </datafield>
  <datafield tag="041" ind1=" " ind2=" ">
    <subfield code="a">ITALIANO</subfield>
  </datafield>
  <datafield tag="100" ind1=" " ind2=" ">
    <subfield code="a">BURCHI PIETRO</subfield>
  </datafield>
  <datafield tag="210" ind1=" " ind2=" ">
    <subfield code="a">RIVISTA DI STORIA DELLA CHIESA IN ITALIA</subfield>
  </datafield>
  <datafield tag="222" ind1=" " ind2=" ">
    <subfield code="a">RIVISTA DI STORIA DELLA CHIESA IN ITALIA</subfield>
  </datafield>
  <datafield tag="245" ind1=" " ind2="0">
    <subfield code="a">RIVISTA DI STORIA DELLA CHIESA IN ITALIA. GENNAIO-DICEMBRE 1948. </subfield>
  </datafield>
  <datafield tag="250" ind1=" " ind2=" ">
    <subfield code="a">1a ed.</subfield>
  </datafield>
  <datafield tag="260" ind1=" " ind2=" ">
    <subfield code="a"> ROMA</subfield>
    <subfield code="b">ISTITUTO GRAFICO TIBERINO </subfield>
    <subfield code="c">1948 [1&#xB0; Ed.:1948 - Ed.Ling.Originale: 1948]</subfield>
  </datafield>
  <datafield tag="300" ind1=" " ind2=" ">
    <subfield code="a">472 p. </subfield>
  </datafield>
  <datafield tag="310" ind1=" " ind2=" ">
    <subfield code="a">QUADRIMESTRALE</subfield>
  </datafield>
  <datafield tag="362" ind1=" " ind2=" ">
    <subfield code="a">Fascicolo: 1-3 / Anno: 2 (1948)</subfield>
  </datafield>
  <datafield tag="500" ind1=" " ind2=" ">
    <subfield code="a">INDICE DEGLI SCRITTI REGISTRATI NELLA BIOGRAFIA. INDICE GENERALE. JEDIN H. MACCARRONE M. MALLARDO D. MERCATI A. PASCHINI P. PIRRI P. PRIMI SINODI POSTRIDENTINI E PRIME VISITE A CESENA. IL SEPOLCRO DEL VESCOVO GAETANI P. CONCILIO E RIFORMA NEL PENSIERO DEL CARDINALE GUIDICCIONI BARTOLOMEO. VICARIO DI CRISTO E VICARIO DI PIETRO NEL PERIODO PATRISTICO. VITA DI GIOVANNI DIACONO NAPOLETANO. UN VESCOVO FIORENTINO DEL QUATTROCENTO MILLENARISTA. LA NOMINA DEL PATRIARCA DI AQUILEIA E LA REPUBBLICA DI VENEZIA NEL SECOLO XVI. LITE PER UN''ABBAZIA. LA POLITICA DI PIO IX. COMUNICAZIONI. RECENSIONI CRONACA. </subfield>
  </datafield>
  <datafield tag="501" ind1=" " ind2=" ">
    <subfield code="a">Societ&#xE0; San Paolo EM - Piazza San Paolo, 14 - 12051 ALBA (CN)  (non commercial uses only) &#xAE; Copyright 2017</subfield>
  </datafield>
  <datafield tag="520" ind1=" " ind2=" ">
    <subfield code="a">INDICE DEGLI SCRITTI REGISTRATI NELLA BIOGRAFIA. INDICE GENERALE. JEDIN H. MACCARRONE M. MALLARDO D. MERCATI A. PASCHINI P. PIRRI P. PRIMI SINODI POSTRIDENTINI E PRIME VISITE A CESENA. IL SEPOLCRO DEL VESCOVO GAETANI P. CONCILIO E RIFORMA NEL PENSIERO DEL CARDINALE GUIDICCIONI BARTOLOMEO. VICARIO DI CRISTO E VICARIO DI PIETRO NEL PERIODO PATRISTICO. VITA DI GIOVANNI DIACONO NAPOLETANO. UN VESCOVO FIORENTINO DEL QUATTROCENTO MILLENARISTA. LA NOMINA DEL PATRIARCA DI AQUILEIA E LA REPUBBLICA DI VENEZIA NEL SECOLO XVI. LITE PER UN''ABBAZIA. LA POLITICA DI PIO IX. COMUNICAZIONI. RECENSIONI CRONACA. </subfield>
  </datafield>
  <datafield tag="650" ind1=" " ind2=" ">
    <subfield code="a">STORIA DELLA CHIESA</subfield>
  </datafield>
  <datafield tag="942" ind1=" " ind2=" ">
    <subfield code="c">CR</subfield>
  </datafield>
  <datafield tag="957" ind1=" " ind2=" ">
    <subfield code="7">1</subfield>
  </datafield>
  <datafield tag="999" ind1=" " ind2=" ">
    <subfield code="a">58760</subfield>
    <subfield code="b">SI </subfield>
    <subfield code="g">1</subfield>
    <subfield code="c">325787</subfield>
    <subfield code="d">325787</subfield>
  </datafield>
  <datafield tag="952" ind1=" " ind2=" ">
    <subfield code="0">0</subfield>
    <subfield code="1">0</subfield>
    <subfield code="4">0</subfield>
    <subfield code="6">R_270R7194</subfield>
    <subfield code="7">1</subfield>
    <subfield code="a">ALBA</subfield>
    <subfield code="b">ALBA</subfield>
    <subfield code="d">2017-01-16</subfield>
    <subfield code="l">0</subfield>
    <subfield code="o">R270-R7194</subfield>
    <subfield code="r">2017-01-16 00:00:00</subfield>
    <subfield code="w">2017-01-16</subfield>
    <subfield code="y">CR</subfield>
    <subfield code="z">(data import: 16 gennaio 2017) - By Epidotti, Vaglietti. </subfield>
  </datafield>
</record>
